000 00329nam a2200121Ia 4500
008 190722s9999 xx 000 0 und d
020 _a978-983-47-1056-9
100 _aFarah Waheeda Jalaludin
245 0 _aInformation Systems An Introduction
260 _aNew York
_bOxford University Press
_c2014
300 _a276
942 _cBK
999 _c981
_d981